000 004650000a22001930004500
003 LK-CoMWRAF
005 20240114123232.0
008 230817t ||||| |||| 00| 0 eng d
040 _aLK-CoMWRAF
_dLK-CoMWRAF
_eLK-CoMWRAF
041 _atam
082 _bBHA
100 _aபாரதி
_vBharathi
245 _aவார்ப்புகள்
246 _aVaarppukal
250 _a2nd ed.
260 _aColombo:
_bWERC,
300 _a28 p.
942 _cBK
999 _c2694
_d2694